000 00581nam a2200193 i 4500
001 13465
003 ES-MaACL
005 20230906150603.0
007 t|
008 980415s1997 sp ||||1| spa d
020 _a84-7039-755-9
080 _a821.134.2-14"19"
100 1 _aMoxó Ruano, Antonio.
_983945
245 1 3 _aLa granada rota
_b: ; Aires espirituales : poesía /
_cAntonio Moxó Ruano.
260 _aMadrid :
_bCastalia,
_c1997.
300 _a159 p. ;
_c21 cm.
740 0 _aAires espirituales.
852 _aES-MaACL
_jL-20809
_bR.125968
_q. - Ded. autógr. del autor
999 _c13465
_d13465